00728nam a2200229Ia 4500003000400000005001700004008004100021020002200062040000700084041000800091082001900099100002500118245003900143260004800182300001500230365001300245650002100258906004700279942001200326999001900338952014100357OSt20230316113422.0210423s2017 xx 000 0 und d a978-93-86338-90-7 cAL aeng a928 223bBONL aBOND (Ruskin)975686 aLone fox dancing: my autobiography aNew DelhibSpeaking Tiger Publicationc2017 aix,277bHB b599cINR aBiography975687 aautobiography ; dancing: ; fox ; Lone ; my 2ddccBK c168545d168545 001040708GENaSACPGbSACPGd2017-07-03eNavakarnatakag599.00l2o928 BONLpPG015047r2023-02-22 00:00:00s2023-02-22w2021-04-26yBK